| 000 | 01073nam a2200241Ia 4500 | ||
|---|---|---|---|
| 003 | Ost | ||
| 005 | 20260416102354.0 | ||
| 008 | 260416s9999||||xx |||||||||||||| ||und|| | ||
| 040 | _cfsecg | ||
| 041 | _aara | ||
| 082 | _a519.5 | ||
| 100 |
_aتوات، عثمان _eمؤلف |
||
| 245 | 0 |
_aمحاضرات في مقياس الإحصاء 3 : _b(الإحصاء الإستدلالي) / _c عثمان توات |
|
| 260 |
_aالجزائر _bجامعة الجزائر3: كلية العلوم الإقتصادية، العلوم التجارية وعلوم التسيير _c2018 |
||
| 300 |
_a60 ورقة _bايضاحات _c30 سم |
||
| 504 | _aمراجع ص.56 ملاحق ص.57 | ||
| 520 | _aتوزيع المعاينة، التقدير، الاختبارات الاحصائية | ||
| 653 | _aالاحصاء | ||
| 653 | _aالإستدلال الإحصائي | ||
| 653 | _aالعينات | ||
| 710 |
_aجامعة الجزائر3: كلية العلوم الإقتصادية، العلوم التجارية وعلوم التسيير _eناشر علمي |
||
| 942 | _cHANDOUT | ||
| 999 |
_c41120 _d41120 |
||